000 01139nam2a2200241 4500
001 rc\2939431
005 20260315055643.0
035 _a(NLR Aleph) 007088328
090 _a13599259
_c13599259
100 _a20110824d1941 u y0rusy50 ca
101 0 _arus
102 _aRU
105 _aab z |||||
200 1 _aБассейн Карского моря, моря Лаптевых и Восточно-Сибирского моря
_hВып. 3
_iБассейн р. Тобол
_fПод ред. Г.В. Казанцева
210 _d1941
215 _a258, [1] с., 2 л. табл., карт.
_cтабл., карт., граф.
461 0 _1001rc\2939421
_12001#$aМатериалы по режиму рек СССР$fПод общ. ред. Д.Л. Соколовского$vТ. 5
_96547602
_cЛенинград
_d1939
_fПод общ. ред. Д.Л. Соколовского
_nГидрометеорол. изд-во
_tМатериалы по режиму рек СССР
_vТ. 5
702 1 _aКазанцев
_bГ.В.
_4340
801 0 _aRU
_bNLR
_gpsbo
801 1 _aRU
_bELAR
_2rusmarc
852 _aNLR
_jГн10 Г-7/7
942 _cUNSPEC
980 _aNB